Úloha psychológie v skúmaní spotrebiteľského správania bakalárska práca

Enregistré dans:
Détails bibliographiques
Auteur principal: Bérešová, Nicola
Collectivité auteur: Obchodná fakulta EU. Katedra medzinárodného obchodu
Autres auteurs: Šimorová, Lenka
Format: Livre
Langue:slovaque
Publié: Bratislava 2015
Tags: Ajouter un tag
Pas de tags, Soyez le premier à ajouter un tag!

MARC

LEADER 00000nbm a2200000 4500
001 0203007
005 20161212103327.0
041 0 |a slo 
044 |a SK 
245 1 0 |a Úloha psychológie v skúmaní spotrebiteľského správania  |b bakalárska práca  |c Nicola Bérešová ; školiteľ: Lenka Šprochová 
264 1 |a Bratislava  |c 2015 
300 |a 76 s. 
100 1 |a Bérešová, Nicola 
700 1 |a Šimorová, Lenka 
710 2 |a Obchodná fakulta EU. Katedra medzinárodného obchodu